Responses for Show #8816 - Monday, February 27, 2023

2023 High School Reunion Tournament quarterfinal game 6.

Contestants

[<< previous game]

Rhea Sinha, a Cornell University graduate from Chatham, New Jersey

Claire Sattler, a senior at Yale University from Bonita Springs, Florida

Rohan Kapileshwari, a senior at the University of Texas at Austin from Winston-Salem, North Carolina

[next game >>]

Jeopardy! Round responses

HOME FROM COLLEGE
WHAT'S THAT SCI. ABBREV.?
NONPOTENT POTABLES
DESCRIBING THE MUSICAL INSTRUMENT
BEGINS & ENDS WITH "L"
DANIEL RADCLIFFE ON HARRY POTTER
(Daniel: Hi, I'm Daniel Radcliffe. I will have clues about my time as a wizard in the Harry Potter films.)
    $200 30
Michigan

Rohan
    $200 29
infrared

Rohan
    $200 26
(Mayim: Yeah, Georgia Peach, that sounds fun.)

Coca-Cola

Rhea
    $200 28
a tuba

Claire
    $200 21
(Mayim: Yes, or "LEE-oh-nel".)

Lionel

Claire
    $200 5
(Mayim: Let's have a round of applause for Daniel Radcliffe--that's awesome.)
[Cheers and applause]

Vernon Dursley

Claire
    $400 24
Albuquerque

Rohan
    $400 19
giga

Rhea
    $400 25
espresso

Rohan
    $400 27
bagpipes

Claire
    $400 20
Lysol

Rhea
    $400 4
Helena Bonham Carter

Rohan
    $600 23
San Francisco

Triple Stumper
    $600 6
protocol

Rhea
    $600 17
almond milk

Claire
    $600 22
a synthesizer

Rhea
    $600 14
lingual

Claire
    $600 3
Sirius Black

Claire
    $4,000 16
the Hudson River

Rohan
    $800 8
parts per million

Rohan
    $800 10
Red Bull

Rohan
    $800 12
an accordion

Rhea
    $800 7
lapel

Claire
    $800 2
Harry Potter and the Order of the Phoenix

Rhea
    $1000 18
Decatur

Triple Stumper
    $1000 9
(Rohan: Who is Blaise [*]? Uh, who is [*]? Or what is [*]?)
(Mayim: [Laughing] All of those, yes.)
[Laughter]
(Rohan: Got there.)

pascal

Rohan
    $1000 11
rooibos tea

Triple Stumper
    $1000 15
(Rhea: What is violin?)

a harp

RohanRhea
    $1000 13
liberal

Rhea
    $1000 1
[Claire selected the first clue.]

Professor McGonagall

Claire

Scores at the first commercial break (after clue 15):

Rohan Claire Rhea
$4,000 $3,200 $2,200

Scores at the end of the Jeopardy! Round:

Rohan Claire Rhea
$9,200 $4,600 $3,800

Double Jeopardy! Round responses

THE GOLDEN AGE
COMPANIES IN HISTORY
SOUTHERNERS
PURE POETRY
SOCIAL SCIENCE
BEFORE & AFTER
    $400 29
Elizabeth I

Claire
    $400 28
(Claire: What is a vaccine?)
(Rhea: What is a syringe?)

a needle

ClaireRhea
Triple Stumper
    $400 27
Oprah (Winfrey)

Rohan
    $400 30
(King) Arthur

Rohan
    $400 25
gender studies

Rohan
    $400 26
candy bar exam

Claire
    $800 20
Hebrew

Claire
    $800 17
(Rhea: What is Dole?)

Chiquita

ClaireRhea
    $800 15
Eli Manning

Rohan
    $800 23
Milton

Rhea
    $800 24
a recession

Rhea
    $800 12
Captain Hook, line & sinker

Rohan
    $1200 4
(Claire: What is France?)

the Netherlands

RohanClaire
    $1200 16
(Rohan: What is a thresher?)

the reaper

Rohan
Triple Stumper
    $1200 10
(Mayim: Yes, you're very excited about it.)

Jack Harlow

Rhea
    $1200 21
(Claire: Who is Emily Dickinson?)
(Rhea: Who is Browning?)
(Mayim: More specific, please?)

Elizabeth Barrett Browning

ClaireRhea
    $1200 18
corruption

Rohan
    $1200 1
the rainy Day of the Dead

Triple Stumper
    $1600 5
(Rohan: Who is Diogenes?)
...
(Mayim: So annoying, those questions.)

Socrates

Rohan
Triple Stumper
    $1600 3
Suez

Claire
    $1600 8
Josh Gad

Claire
    $5 19
(Rohan: I'm gonna wager a whopping $5.)
[Laughter]
...
[Rohan turns with disgust as soon as the clue is revealed.]
(Rohan: I'm not a poetry guy, but I know--who is [*]?)

Sappho

Rohan
    $3,000 11
(Rhea: What is... motivation?)

the American Dream

Rhea
    $1600 2
Easter egg on your face

Rohan
    $2000 7
Copenhagen

Claire
    $2000 13
the British East India Company

Claire
    $2000 9
Holly Hunter

Triple Stumper
    $2000 22
(Rohan: Who is Carson?)

Sylvia Plath

Rohan
Triple Stumper
    $2000 14
bicameral

Rhea
    $2000 6
(Rohan: What is the full House of Lancaster?)

full House of York

Rohan
Triple Stumper

Scores at the end of the Double Jeopardy! Round:

Rohan Claire Rhea
$9,205 $11,400 $5,600

[wagering suggestions for these scores]

Final Jeopardy! Round responses

AFRICAN COUNTRIES
[Rohan's $0 wager had eyes and a smiley mouth inside the zero.]
RheaWhat is the Republic of the Congo?
$3,606
RohanWhat is Sudan?
$0
ClaireWhat is Sudan? :) Thanks, Mrs. Knox!
$7,011
Sudan

Final scores:

Rohan Claire Rhea
$9,205 $18,411 $1,994
2nd place: $5,000 Winner: semifinalist 3rd place: $5,000

Game dynamics:

Coryat scores:

Rohan Claire Rhea
$7,600 $11,400 $8,600
19 R
(including 2 DDs),
4 W
17 R,
3 W
13 R,
4 W
(including 1 DD)

Combined Coryat: $27,600

[game clues] [game scores] [suggest correction]

Game tape date: 2023-01-30
The J! Archive is created by fans, for fans. Scraping, republication, monetization, and malicious use prohibited; this site may use cookies and collect identifying information. See terms. The Jeopardy! game show and all elements thereof, including but not limited to copyright and trademark thereto, are the property of Jeopardy Productions, Inc. and are protected under law. This website is not affiliated with, sponsored by, or operated by Jeopardy Productions, Inc. Join the discussion at JBoard.tv.